000 00444nam a22001817a 4500
003 CEME
005 20210628202740.0
008 210122b xxu||||| |||| 00| 0 eng d
020 _a81-312-0184-8
040 _cceme
082 _a523.1 DOD
100 _aDodelson, Scott
_961413
245 _aModern cosmology
260 _aNEW DELHI
_bACADEMICS PRESS
_c2006
300 _aIX,440 P
650 _aCOSMOLOGY-MODERN.
_961414
942 _cBK
_2ddc
999 _c570874
_d570874